=LDR 00000nam 2200000 4500 =001 INLIS000000000060536 =005 20220222090540 =035 ##$$a 0010-0222000090 =007 ta =008 220222###########################0###### =020 ##$$a 978-979-17570-0-3 =082 ##$$a 2x0.007 =084 ##$$a 2x0.007 Muh i =245 1#$$a Islam lokal akulturasi islam di bumi Sasak : $b akulturasi islam di bumi Sasak =300 ##$$a xxiv, 158 halaman ; $c 21 cm =500 ##$$a Biografi : halaman 157-159 =650 #4$$a Agama Islam-Lombok =700 #$$a editor, Suhaimi Syamsuri =264 ##$$a Lombok :$b STAIIQH Press,$c 2008 =336 ##$$a teks$2 rdacontent =337 ##$$a cetak$2 rdamedia =338 ##$$a lain-lain$2 rdacarrier =990 ##$$a 08040804 =990 ##$$a 7202202179